Cartas del cardenal don Fray Francisco Jiménez de Cisneros dirigidas a don Diego López de Ayala / (Record no. 156342)

MARC details
000 -LEADER
campo de control de longitud fija 01239nam a2200277 i 4500
001 - NÚMERO DE CONTROL
campo de control 156342
003 - IDENTIFICADOR DE NÚMERO DE CONTROL
campo de control ES-MaACL
005 - FECHA Y HORA DE LA ÚLTIMA TRANSACCIÓN
campo de control 20251017063108.0
008 - DATOS DE LONGITUD FIJA--INFORMACIÓN GENERAL
campo de control de longitud fija 940202s1867 sp a |||| | spa d
040 ## - FUENTE DE CATALOGACIÓN
Centro catalogador/agencia de origen CAM
Lengua de catalogación spa
100 1# - ENTRADA PRINCIPAL--NOMBRE DE PERSONA
Nombre de persona Jiménez de Cisneros, Francisco,
Fechas asociadas al nombre 1436-1517
9 (RLIN) 66495
245 10 - MENCIÓN DEL TÍTULO
Título Cartas del cardenal don Fray Francisco Jiménez de Cisneros dirigidas a don Diego López de Ayala /
Mención de responsabilidad, etc. publicadas de Real Orden por Pascual de Gayangos y Vicente de la Fuente.
260 ## - PUBLICACIÓN, DISTRIBUCIÓN, ETC.
Lugar de publicación, distribución, etc. Madrid :
Nombre del editor, distribuidor, etc. [s.n.],
Fecha de publicación, distribución, etc. 1867 (
Fabricante Colegio de Sordo-Mudos y de Ciegos)
300 ## - DESCRIPCIÓN FÍSICA
Extensión XLII, 271 p., [2] h. facs., [1] h. de grab. ;
Dimensiones 23 cm.
597 ## - NOTA DE DESCRIPCIÓN FÍSICA
NOTA DE DESCRIPCIÓN FÍSICA Signaturizado.
597 ## - NOTA DE DESCRIPCIÓN FÍSICA
NOTA DE DESCRIPCIÓN FÍSICA Antep.
597 ## - NOTA DE DESCRIPCIÓN FÍSICA
NOTA DE DESCRIPCIÓN FÍSICA Port. con esc. xil.
599 ## - NOTA A LAS ILUSTRACIONES
NOTA A LAS ILUSTRACIONES La h. de grab. lit.: "D. Martinez do y go", retrato del autor.
599 ## - NOTA A LAS ILUSTRACIONES
NOTA A LAS ILUSTRACIONES Las h. de facs. son cartas manuscritas una de ellas dirigida al marques de Pliego.
600 17 - PUNTO DE ACCESO ADICIONAL DE MATERIA--NOMBRE DE PERSONA
Nombre de persona Jiménez de Cisneros, Francisco,
Fechas asociadas al nombre 1436-1517-
Subdivisión de forma Correspondencia
Fuente del encabezamiento o término
9 (RLIN) 159941
600 14 - PUNTO DE ACCESO ADICIONAL DE MATERIA--NOMBRE DE PERSONA
Nombre de persona López de Ayala, Diego-
Subdivisión de forma Correspondencia.
9 (RLIN) 159942
700 1# - ENTRADA AGREGADA--NOMBRE PERSONAL
Nombre de persona Gayangos, Pascual de,
Fechas asociadas al nombre 1809-1897
9 (RLIN) 56138
700 1# - ENTRADA AGREGADA--NOMBRE PERSONAL
Nombre de persona Fuente, Vicente de la,
Fechas asociadas al nombre 1817-1889
9 (RLIN) 52857
852 ## - LOCALIZACIÓN
Ubicación ES-MaACL
Número de control de estantería C-140
Nota libre -- Enc. hol.
Holdings
Estatus retirado Estado de pérdida Estado de daño No para préstamo Colección Biblioteca de origen Biblioteca actual Ubicación en estantería Fecha de adquisición Fuente de adquisición Total de préstamos Signatura topográfica completa Código de barras Visto por última vez Precio de reemplazo Tipo de ítem Koha
        Libros del s. XIX Biblioteca del Ateneo de Madrid Biblioteca del Ateneo de Madrid Sala Palomar 17/01/2008     C-140 1163565 23/02/2023 23/02/2023 Libro impreso antiguo